Building on the past and present (Record no. 104590)

MARC details
000 -LEADER
fixed length control field 01400cam a2200229 4500
001 - CONTROL NUMBER
control field ##L130872
008 - FIXED-LENGTH DATA ELEMENTS--GENERAL INFORMATION
fixed length control field 050909n2006 000 0 eng u
020 ## - INTERNATIONAL STANDARD BOOK NUMBER
International Standard Book Number 1842192442
035 ## - SYSTEM CONTROL NUMBER
System control number (Sirsi) u130872
041 0# - LANGUAGE CODE
Language code of text/sound track or separate title eng
050 04 - LIBRARY OF CONGRESS CALL NUMBER
Classification number 711.4 $2 18
100 1# - MAIN ENTRY--PERSONAL NAME
Personal name Allmendinger, Philip
245 00 - TITLE STATEMENT
Title Building on the past and present
Remainder of title lessons for effective planning
260 ## - PUBLICATION, DISTRIBUTION, ETC.
Place of publication, distribution, etc. London
Name of publisher, distributor, etc. RICS
Date of publication, distribution, etc. 2006
490 #0 - SERIES STATEMENT
Series statement RICS Research Paper Series
Volume/sequential designation 5 (12) January 2006
520 ## - SUMMARY, ETC.
Summary, etc. Explores the extent to which effective regulation of planning can be achieved by learning the lessons of past experiences and by drawing upon the attitudes and experiences of key players in planning and development. Highlights how targeted change to planning controls can achieve desired impacts rather than the current attempt to change planning as a whole. Examines planning, markets and typologies, a normative typology of planning tools, the attitudes of UK property agents and developers towards planning regulations, an empirical typology of planning tools and concludes with some recommendations. References.
590 ## - LOCAL NOTE (RLIN)
Local note IKA170106
690 ## - LOCAL SUBJECT ADDED ENTRY--TOPICAL TERM (OCLC, RLIN)
Topical term or geographic name as entry element Planning and development
9 (RLIN) 6259
710 2# - ADDED ENTRY--CORPORATE NAME
Corporate name or jurisdiction name as entry element Royal Institution of Chartered Surveyors
Subordinate unit Public Affairs
9 (RLIN) 4679
856 40 - ELECTRONIC LOCATION AND ACCESS
Uniform Resource Identifier <a href="https://www.rics.org/RICSWEB/getpage.aspx?p=SQ_zB2aoeEWNyS1Limswag">https://www.rics.org/RICSWEB/getpage.aspx?p=SQ_zB2aoeEWNyS1Limswag</a>
Public note View the research paper free of charge at www.rics.org...
942 ## - ADDED ENTRY ELEMENTS (KOHA)
Suppress in OPAC 0
Holdings
Withdrawn status Lost status Source of classification or shelving scheme Damaged status Not for loan Home library Current library Shelving location Date acquired Total Checkouts Full call number Barcode Date last seen Copy number Price effective from Koha item type
    Dewey Decimal Classification     Virtual Virtual Online 16/01/2006   ONLINE PUBLICATION 130872-2001 06/08/2019 1 06/08/2019 Book